00413pab a2200133 454500008004000000100001500040245011900055260000900174300001300183362000800196650001800204650001400222773004300236180718b2011 xxu||||| |||| 00| 0 eng d aAgne, Hans aThe autonomy of globalizing states: Bridging the gap between democratic theory and international political economy c2011 ap.43-60. aJan aGlobalization aDemocracy aInternational Political Science Review